logo

Bir Sreshtho Munshi Abdur Rouf Library
Jhenaidah Cadet College

Here and Away / (Record no. 4744)

MARC details
000 -LEADER
fixed length control field 00648nam a2200241 a 4500
001 - CONTROL NUMBER
JCCL Control Number 4744
003 - CONTROL NUMBER IDENTIFIER
JCCL marc code BD-JhCC
005 - DATE AND TIME OF LATEST TRANSACTION
control field 20180303203652.0
008 - FIXED-LENGTH DATA ELEMENTS--GENERAL INFORMATION
fixed length control field 171203s1955 u a|||| || | 001 0 eng d
035 ## - SYSTEM CONTROL NUMBER
system control number (BD-JhCC)4744
040 ## - CATALOGING SOURCE
Original cataloging agency BD-JhCC
Modifying agency BD-JhCC
041 ## - LANGUAGE CODE
Language code of Book eng
082 ## - DEWEY DECIMAL CLASSIFICATION NUMBER
Classification number 372.4
Author mark and Year BAK 1955
100 ## - MAIN ENTRY--PERSONAL NAME
Personal name Baker, Arthur O.
245 ## - TITLE STATEMENT
Title Here and Away /
Statement of responsibility, etc Arthur O. Baker, Grace C. Madddux, Helen B. Warrin,
260 ## - PUBLICATION, DISTRIBUTION, ETC. (IMPRINT)
Place of publication, distribution, etc New York :
Name of publisher, distributor, etc Rand Msnally & Company,
Date of publication, distribution, etc 1955.
300 ## - PHYSICAL DESCRIPTION
Pagination 206 p. :
Dimensions 20 cm.
650 ## - SUBJECT ADDED ENTRY--TOPICAL TERM
Topical term or geographic name as entry element Readers (Elementry)
700 ## - ADDED ENTRY--PERSONAL NAME
Personal name Madddux, Grace C.
700 ## - ADDED ENTRY--PERSONAL NAME
Personal name Warrin, B. Helen
942 ## - ADDED ENTRY ELEMENTS (KOHA)
Source of classification or shelving scheme Dewey Decimal Classification
Koha item type Books
Holdings
Source of classification or shelving scheme Damaged status Not for loan Home library Current library Shelving location Date of accession Total Checkouts Full call number Barcode Date last seen Copy number Koha item type
Dewey Decimal Classification     JCC Rouf Library JCC Rouf Library General Stacks 12/03/2017   372.4 BAK 1955 6782 12/03/2017 C- 1 Books
Dewey Decimal Classification     JCC Rouf Library JCC Rouf Library General Stacks 12/03/2017   372.4 BAK 1955 11729 03/03/2018 C - 2 Books

JCC Library | Contacts | JCC Home

Last Update on 23 September 2017
Copyright @ 2017-2020 JCC Rouf Library
Rouf Library, Jhenidah Cadet College (JCC), Bangladesh